000 00605nam a2200193Ia 4500
005 20250923145357.0
008 008 250917s9999 xx 000 0 eng d
037 _aTextual
040 _aDSWL
_beng
_cDSWL
041 _aeng
_2eng
084 _aY70aXMx1, N76
_qDSWL
245 0 _aPopular participation in social change cooprative collective and nationalized industry
_c Ed. by June Nash
260 _aHague
_bMouton Publishers
_c1976
300 _axviii,621 p.
365 _aINR
_b306 . 9
925 _g306 . 9
942 _cTEXL
_hY70aXMx1, N76
999 _c1450627
_d1450627